Normal view MARC view

Entry Meeting Name

Number of records used in: 1

001 - CONTROL NUMBER

  • control field: 7874

003 - CONTROL NUMBER IDENTIFIER

  • control field: OSt

005 - DATE AND TIME OF LATEST TRANSACTION

  • control field: 20211105132942.0

008 - FIXED-LENGTH DATA ELEMENTS

  • fixed length control field: 211105|| aca||aabn | a|a d

040 ## - CATALOGING SOURCE

  • Original cataloging agency: OSt
  • Transcribing agency: OSt

111 ## - HEADING--MEETING NAME

  • Meeting name or jurisdiction name as entry element: International Symposium on New Problems in Astronometry
  • Location of meeting: Perth, Australia
  • Date of meeting or treaty signing: 1973 Aug. 17

670 ## - SOURCE DATA FOUND

  • Source citation: Work cat.: (OSt): International Symposium on New Problems in Astronometry Perth, Australia 1973 Aug. 17, New problems in astronometry, 1974

Powered by Koha